UBT Library

Scholastic book of world records, 2008 / (Record no. 39709)

000 -LEADER
fixed length control field 00933cam a2200301 a 4500
001 - CONTROL NUMBER
control field 15733552
005 - DATE AND TIME OF LATEST TRANSACTION
control field 20180104050649.0
008 - FIXED-LENGTH DATA ELEMENTS--GENERAL INFORMATION
fixed length control field 090511s2007 nyua j 001 0 eng d
010 ## - LIBRARY OF CONGRESS CONTROL NUMBER
LC control number 2009278308
020 ## - INTERNATIONAL STANDARD BOOK NUMBER
International Standard Book Number 0439916585
020 ## - INTERNATIONAL STANDARD BOOK NUMBER
International Standard Book Number 9780439916585
020 ## - INTERNATIONAL STANDARD BOOK NUMBER
International Standard Book Number 1428756914
020 ## - INTERNATIONAL STANDARD BOOK NUMBER
International Standard Book Number 9781428756915
035 ## - SYSTEM CONTROL NUMBER
System control number (OCoLC)ocn173148618
040 ## - CATALOGING SOURCE
Original cataloging agency BKX
Transcribing agency BKX
Modifying agency BAKER
-- Q2Z
-- BTCTA
-- DLC
041 ## - LANGUAGE CODE
Language code of text/sound track or separate title eng
042 ## - AUTHENTICATION CODE
Authentication code lccopycat
080 ## - UNIVERSAL DECIMAL CLASSIFICATION NUMBER
Universal Decimal Classification number 031.02
082 04 - DEWEY DECIMAL CLASSIFICATION NUMBER
Classification number 031.02 MOR
Edition number 22
100 1# - Rafti
Rafti 39
101 ## - Shkurtesa
Shkurtesa REF
245 10 - TITLE STATEMENT
Title Scholastic book of world records, 2008 /
Statement of responsibility, etc by Jenifer Corr Morse.
246 30 - VARYING FORM OF TITLE
Title proper/short title Book of world records, 2008
246 30 - VARYING FORM OF TITLE
Title proper/short title World records, 2008
906 ## - LOCAL DATA ELEMENT F, LDF (RLIN)
a 7
b cbc
c copycat
d 2
e ncip
f 20
g y-gencatlg
942 ## - ADDED ENTRY ELEMENTS (KOHA)
Source of classification or shelving scheme
Item type Books
Holdings
Withdrawn status Lost status Source of classification or shelving scheme Damaged status Not for loan Collection code Permanent location Current location Shelving location Date acquired Total Checkouts Full call number Barcode Date last seen Price effective from Koha item type
          Koleksioni i përgjithshem UBT - Lipjan UBT - Lipjan Koleksioni i përgjithshem 01/04/2018   031.02 MOR 002-2994314 01/04/2018 01/04/2018 Books
UBT Library © 2015-2024. All rights reserved University Education for Business and Technology